01859cam a2200421 a 4500001001400000003000800014005001700022006001900039007001500058008004100073020003800114040003000152049002600182050002600208082001700234245010900251260002700360300003700387490004400424500005700468505011900525520025600644521001700900588004700917504004100964650002301005655002901028700002201057710001601079740003301095740003801128740003401166776003501200830004501235856012201280942001601402999001901418EDZ0000116319StDuBDS20161031105110.0m||||||||d||||||||cr |||||||||||130111s2006 enka fo| 000|0|eng d a9781446261118 (ebook) :cNo price aStDuBDSbengcStDuBDSepn aAlfaisal Main Library 0aHF5415.32b.C654 200604a658.834222300aConsumer behavior IIh[electronic resource] :bthe meaning of consumption /cedited by Margaret K. Hogg. aLondon :bSAGE,c2006. a1 online resource (3 v.) :bill.1 aSAGE library in business and management aVolume numbering continues from Consumer behavior I.0 av. 4. Advertising and consumption -- v. 5. Possessions, brands and the self -- v. 6. (Sub)cultures of consumption.8 aContains classic and contemporary writings including some of the most provocative and influential contributions to the field from across the social sciences, thus representing the increasing interdisciplinary richness of research in consumer behavior. aSpecialized. aDescription based on print version record. aIncludes bibliographical references. 0aConsumer behavior. 7aElectronic books.2local1 aHogg, Margaret K.2 aSage eBooks02aAdvertising and consumption.02aPossessions, brands and the self.02a(Sub)cultures of consumption.08iPrint version :z9781412908429 0aSAGE library in business and management.40uhttp://ezproxy.alfaisal.edu/login?url=http://sk.sagepub.com/navigator/consumer-behavior-ii-the-meaning-of-consumption 2lcccEBOOKS c479286d479286